| 000 | 00448nam a2200121 a 4500 | ||
|---|---|---|---|
| 008 | 120416s1979 xx |||||||||||||| || u | ||
| 050 | _aNA 9050 Exp | ||
| 100 | _aWeber, Melvin M | ||
| 245 | 1 | 0 |
_aExplorations into urban structure _cMelvin M. Webber [and others] |
| 260 | _c1979 | ||
| 350 | _a0.00 | ||
| 995 |
_D0.00 _FCBU-MAIN LIBRARY (Kitwe) _H1 _I0.00 _UAVAILABLE _ZMain Library Open Access Collection |
||
| 999 |
_c42943 _d42943 |
||